[Event "DEM U12w 2023"]
[Site "Willingen GER"]
[Date "2023.05.28"]
[Round "2"]
[White "Ali, Maha"]
[Black "Czäczine, Paula"]
[Result "0-1"]
[Termination "normal"]
[Board "3"]
[WhiteElo "1403"]
[BlackElo "1549"]
[WhiteClock "00:14:06"]
[BlackClock "00:19:21"]
[PlyCount "120"]
[WhiteFideId "34626581"]
[BlackFideId "16249305"]
[EventCountry "GER"]
[EventRounds "9"]
[EventType "swiss"]
[EventDate "2023.05.27"]

1. d4 {[%clk 01:30:58]} {[%emt 00:00:01]} d5 {[%clk 01:30:52]} {[%emt
00:00:09]} 2. c4 {[%clk 01:31:21]} {[%emt 00:00:07]} dxc4 {[%clk 01:31:17]}
{[%emt 00:00:05]} 3. e3 {[%clk 01:31:44]} {[%emt 00:00:06]} c5 {[%clk
01:31:37]} {[%emt 00:00:11]} 4. d5 {[%clk 01:30:24]} {[%emt 00:01:50]} Nf6
{[%clk 01:22:42]} {[%emt 00:09:25]} 5. Bxc4 {[%clk 01:28:49]} {[%emt 00:02:05]}
a6 {[%clk 01:21:43]} {[%emt 00:01:30]} 6. a4 {[%clk 01:25:42]} {[%emt
00:03:36]} e6 {[%clk 01:14:32]} {[%emt 00:07:41]} 7. dxe6 {[%clk 01:21:41]}
{[%emt 00:04:31]} Qxd1+ {[%clk 01:14:51]} {[%emt 00:00:11]} 8. Kxd1 {[%clk
01:22:05]} {[%emt 00:00:06]} Bxe6 {[%clk 01:15:11]} {[%emt 00:00:10]} 9. Bxe6
{[%emt 00:01:29]} fxe6 {[%clk 01:15:33]} {[%emt 00:00:05]} 10. b3 {[%clk
01:20:08]} {[%emt 00:01:31]} Nc6 {[%clk 01:14:10]} {[%emt 00:01:53]} 11. Bb2
{[%clk 01:16:05]} {[%emt 00:04:32]} O-O-O+ {[%clk 01:13:44]} {[%emt 00:00:58]}
12. Ke2 {[%clk 01:13:44]} {[%emt 00:02:51]} Nb4 {[%clk 01:11:31]} {[%emt
00:02:43]} 13. Nd2 {[%clk 01:11:37]} {[%emt 00:02:36]} Be7 {[%clk 00:58:01]}
{[%emt 00:14:00]} 14. Ngf3 {[%clk 01:07:18]} {[%emt 00:04:48]} h6 {[%clk
00:54:23]} {[%emt 00:04:09]} 15. Ne5 {[%clk 01:05:05]} {[%emt 00:02:42]} Rhe8
{[%clk 00:51:08]} {[%emt 00:03:46]} 16. Nf7 {[%clk 01:00:56]} {[%emt 00:04:38]}
Rd5 {[%clk 00:45:56]} {[%emt 00:05:43]} 17. Nc4 {[%clk 00:55:33]} {[%emt
00:05:52]} Kb8 {[%clk 00:41:29]} {[%emt 00:04:58]} 18. Rhd1 {[%clk 00:50:32]}
{[%emt 00:05:31]} Rf8 {[%clk 00:40:10]} {[%emt 00:01:50]} 19. Nfe5 {[%clk
00:48:42]} {[%emt 00:02:19]} Rfd8 {[%clk 00:37:40]} {[%emt 00:03:00]} 20. Rxd5
{[%clk 00:42:07]} {[%emt 00:07:05]} exd5 {[%clk 00:35:42]} {[%emt 00:02:28]}
21. Nd2 {[%clk 00:39:47]} {[%emt 00:02:50]} Kc7 {[%clk 00:31:28]} {[%emt
00:04:44]} 22. Rc1 {[%clk 00:37:20]} {[%emt 00:02:57]} Nc6 {[%clk 00:27:47]}
{[%emt 00:04:12]} 23. Nxc6 {[%clk 00:34:05]} {[%emt 00:03:44]} Kxc6 {[%clk
00:27:44]} {[%emt 00:00:33]} 24. Ba3 {[%clk 00:30:34]} {[%emt 00:04:01]} Bd6
{[%clk 00:24:45]} {[%emt 00:03:29]} 25. Kd3 {[%clk 00:27:05]} {[%emt 00:03:59]}
Ng4 {[%clk 00:23:19]} {[%emt 00:01:56]} 26. f3 {[%clk 00:24:29]} {[%emt
00:03:04]} Nf6 {[%clk 00:18:27]} {[%emt 00:05:23]} 27. Nf1 {[%clk 00:22:19]}
{[%emt 00:02:40]} c4+ {[%clk 00:17:38]} {[%emt 00:01:21]} 28. bxc4 {[%clk
00:21:00]} {[%emt 00:01:48]} Bxa3 {[%clk 00:17:56]} {[%emt 00:00:12]} 29. cxd5+
{[%clk 00:21:21]} {[%emt 00:00:08]} Kxd5 {[%clk 00:18:08]} {[%emt 00:00:19]}
30. Rc7 {[%clk 00:20:27]} {[%emt 00:01:24]} Rd7 {[%clk 00:17:58]} {[%emt
00:00:40]} 31. Rxd7+ {[%clk 00:20:05]} {[%emt 00:00:51]} Nxd7 {[%clk 00:18:23]}
{[%emt 00:00:06]} 32. e4+ {[%clk 00:20:12]} {[%emt 00:00:22]} Ke5 {[%clk
00:17:58]} {[%emt 00:00:56]} 33. Kc4 {[%clk 00:17:50]} {[%emt 00:02:51]} Nb6+
{[%clk 00:17:48]} {[%emt 00:00:41]} 34. Kb3 {[%clk 00:17:17]} {[%emt 00:01:03]}
Be7 {[%clk 00:17:32]} {[%emt 00:00:47]} 35. Ne3 {[%clk 00:16:20]} {[%emt
00:01:26]} Bf8 {[%clk 00:13:05]} {[%emt 00:04:57]} 36. Nc4+ {[%clk 00:14:58]}
{[%emt 00:01:52]} Nxc4 {[%clk 00:12:58]} {[%emt 00:00:37]} 37. Kxc4 {[%clk
00:15:08]} {[%emt 00:00:20]} b6 {[%clk 00:13:05]} {[%emt 00:00:23]} 38. g3
{[%clk 00:14:25]} {[%emt 00:01:13]} Bc5 {[%clk 00:12:38]} {[%emt 00:00:56]} 39.
a5 {[%clk 00:13:12]} {[%emt 00:01:44]} Bg1 {[%clk 00:12:58]} {[%emt 00:00:10]}
40. axb6 {[%clk 00:13:34]} {[%emt 00:00:07]} Bxb6 {[%clk 00:13:21]} {[%emt
00:00:07]} 41. Kd3 {[%clk 00:13:29]} {[%emt 00:00:36]} Bg1 {[%clk 00:13:21]}
{[%emt 00:00:30]} 42. f4+ {[%clk 00:13:18]} {[%emt 00:00:41]} Ke6 {[%clk
00:13:40]} {[%emt 00:00:11]} 43. e5 {[%clk 00:09:00]} {[%emt 00:04:48]} Bxh2
{[%clk 00:13:56]} {[%emt 00:00:14]} 44. Kd4 {[%clk 00:08:59]} {[%emt 00:00:31]}
Bxg3 {[%clk 00:14:04]} {[%emt 00:00:22]} 45. Ke4 {[%clk 00:08:53]} {[%emt
00:00:36]} Bxf4 {[%clk 00:14:07]} {[%emt 00:00:26]} 46. Kxf4 {[%clk 00:09:16]}
{[%emt 00:00:07]} a5 {[%clk 00:14:34]} {[%emt 00:00:03]} 47. Ke4 {[%clk
00:09:36]} {[%emt 00:00:10]} h5 {[%clk 00:14:57]} {[%emt 00:00:07]} 48. Kd3
{[%clk 00:09:55]} {[%emt 00:00:11]} h4 {[%clk 00:15:23]} {[%emt 00:00:05]} 49.
Ke2 {[%clk 00:10:18]} {[%emt 00:00:07]} a4 {[%clk 00:15:47]} {[%emt 00:00:07]}
50. Kf3 {[%clk 00:10:41]} {[%emt 00:00:06]} a3 {[%clk 00:16:12]} {[%emt
00:00:05]} 51. Kg4 {[%clk 00:11:05]} {[%emt 00:00:06]} a2 {[%clk 00:16:38]}
{[%emt 00:00:05]} 52. Kxh4 {[%clk 00:11:29]} {[%emt 00:00:05]} a1=Q {[%clk
00:17:00]} {[%emt 00:00:08]} 53. Kg4 {[%clk 00:11:48]} {[%emt 00:00:11]} Qxe5
{[%clk 00:17:20]} {[%emt 00:00:10]} 54. Kf3 {[%clk 00:12:06]} {[%emt 00:00:10]}
Qd4 {[%clk 00:17:39]} {[%emt 00:00:13]} 55. Kg3 {[%clk 00:12:29]} {[%emt
00:00:07]} Qe4 {[%clk 00:17:56]} {[%emt 00:00:13]} 56. Kf2 {[%clk 00:12:48]}
{[%emt 00:00:09]} Kf5 {[%clk 00:18:16]} {[%emt 00:00:11]} 57. Kg3 {[%clk
00:13:07]} {[%emt 00:00:12]} Qf4+ {[%clk 00:18:40]} {[%emt 00:00:07]} 58. Kg2
{[%clk 00:13:30]} {[%emt 00:00:06]} Kg4 {[%clk 00:19:00]} {[%emt 00:00:10]} 59.
Kg1 {[%clk 00:13:46]} {[%emt 00:00:13]} Kg3 {[%clk 00:19:21]} {[%emt 00:00:10]}
60. Kh1 {[%clk 00:14:06]} {[%emt 00:00:10]} Qf1# {[%emt 00:00:05]} 0-1

[Event "DEM U12w 2023"]
[Site "Willingen GER"]
[Date "2023.05.28"]
[Round "2"]
[White "Stiehler, Mara"]
[Black "Komar, Valerie"]
[Result "1-0"]
[Termination "normal"]
[Board "4"]
[WhiteElo "1227"]
[BlackElo "1379"]
[WhiteClock "00:50:59"]
[BlackClock "00:31:47"]
[PlyCount "55"]
[WhiteFideId "34621199"]
[BlackFideId "34139664"]
[EventCountry "GER"]
[EventRounds "9"]
[EventType "swiss"]
[EventDate "2023.05.27"]

1. e4 {[%clk 01:30:58]} {[%emt 00:00:02]} e5 {[%clk 01:30:56]} {[%emt
00:00:04]} 2. Nf3 {[%clk 01:31:21]} {[%emt 00:00:07]} Nf6 {[%clk 01:31:22]}
{[%emt 00:00:04]} 3. d4 {[%clk 01:31:39]} {[%emt 00:00:13]} Nxe4 {[%clk
01:31:40]} {[%emt 00:00:12]} 4. Bd3 {[%clk 01:31:44]} {[%emt 00:00:25]} d5
{[%clk 01:24:21]} {[%emt 00:07:47]} 5. Nxe5 {[%clk 01:31:46]} {[%emt 00:00:29]}
Be7 {[%clk 01:21:32]} {[%emt 00:03:17]} 6. O-O {[%clk 01:30:49]} {[%emt
00:01:29]} O-O {[%clk 01:21:51]} {[%emt 00:00:11]} 7. Re1 {[%emt 00:07:18]} Ng5
{[%clk 01:17:41]} {[%emt 00:00:09]} 8. Nc3 {[%clk 01:26:39]} {[%emt 00:02:24]}
Nd7 {[%clk 01:12:10]} {[%emt 00:06:00]} 9. Nxd7 {[%clk 01:26:41]} {[%emt
00:00:28]} Qxd7 {[%clk 01:10:41]} {[%emt 00:01:58]} 10. Qh5 {[%clk 01:20:29]}
{[%emt 00:06:42]} h6 {[%clk 01:07:28]} {[%emt 00:03:44]} 11. Bf4 {[%clk
01:13:58]} {[%emt 00:07:02]} b6 {[%clk 00:59:42]} {[%emt 00:08:08]} 12. Bxc7
{[%clk 01:12:28]} {[%emt 00:02:08]} Bb7 {[%clk 00:54:08]} {[%emt 00:06:03]} 13.
Bf4 {[%clk 01:09:33]} {[%emt 00:03:24]} Ne6 {[%clk 00:45:35]} {[%emt 00:08:59]}
14. Qf5 {[%clk 01:07:58]} {[%emt 00:02:10]} g6 {[%clk 00:43:08]} {[%emt
00:02:56]} 15. Qh3 {[%clk 01:05:59]} {[%emt 00:02:29]} h5 {[%clk 00:42:28]}
{[%emt 00:01:11]} 16. Bh6 {[%clk 01:03:53]} {[%emt 00:02:36]} Rfd8 {[%clk
00:42:36]} {[%emt 00:00:18]} 17. Qg3 {[%clk 01:01:57]} {[%emt 00:02:28]} Kh7
{[%clk 00:41:32]} {[%emt 00:01:32]} 18. Be3 {[%clk 00:59:42]} {[%emt 00:02:49]}
Bf6 {[%clk 00:40:06]} {[%emt 00:01:54]} 19. Qf3 {[%clk 00:56:44]} {[%emt
00:03:29]} Bxd4 {[%clk 00:38:56]} {[%emt 00:01:42]} 20. Bxd4 {[%clk 00:54:46]}
{[%emt 00:02:27]} Nxd4 {[%clk 00:39:14]} {[%emt 00:00:13]} 21. Qxh5+ {[%clk
00:55:03]} {[%emt 00:00:12]} Kg7 {[%clk 00:38:34]} {[%emt 00:01:05]} 22. Qe5+
{[%clk 00:54:56]} {[%emt 00:00:42]} f6 {[%clk 00:35:06]} {[%emt 00:03:58]} 23.
Qxd4 {[%clk 00:54:54]} {[%emt 00:00:32]} Rh8 {[%clk 00:33:23]} {[%emt
00:02:12]} 24. Qb4 {[%clk 00:54:06]} {[%emt 00:01:19]} Kf7 {[%clk 00:33:25]}
{[%emt 00:00:23]} 25. Re2 {[%clk 00:52:09]} {[%emt 00:02:32]} Qc7 {[%clk
00:33:11]} {[%emt 00:00:44]} 26. h3 {[%clk 00:51:47]} {[%emt 00:00:53]} Rae8
{[%clk 00:31:20]} {[%emt 00:02:19]} 27. Rxe8 {[%clk 00:50:53]} {[%emt
00:01:25]} Rxe8 {[%clk 00:31:47]} {[%emt 00:00:04]} 28. Nb5 {[%clk 00:50:59]}
{[%emt 00:00:23]} 1-0

[Event "DEM U12w 2023"]
[Site "Willingen GER"]
[Date "2023.05.28"]
[Round "2"]
[White "Xiao, Yiyi"]
[Black "Tu, Audrey"]
[Result "1-0"]
[Termination "normal"]
[Board "5"]
[WhiteElo "1267"]
[BlackElo "1313"]
[WhiteClock "01:51:32"]
[BlackClock "00:21:52"]
[PlyCount "85"]
[WhiteFideId "34605665"]
[BlackFideId "34628568"]
[EventCountry "GER"]
[EventRounds "9"]
[EventType "swiss"]
[EventDate "2023.05.27"]

1. e4 {[%clk 01:30:57]} {[%emt 00:00:03]} e5 {[%clk 01:30:56]} {[%emt
00:00:05]} 2. Nf3 {[%clk 01:31:23]} {[%emt 00:00:04]} Nc6 {[%clk 01:31:21]}
{[%emt 00:00:05]} 3. Bb5 {[%clk 01:31:45]} {[%emt 00:00:08]} a6 {[%clk
01:31:45]} {[%emt 00:00:06]} 4. Ba4 {[%clk 01:32:07]} {[%emt 00:00:07]} d6
{[%clk 01:32:10]} {[%emt 00:00:05]} 5. h3 {[%clk 01:32:05]} {[%emt 00:00:32]}
Nf6 {[%clk 01:31:34]} {[%emt 00:01:07]} 6. d3 {[%clk 01:32:12]} {[%emt
00:00:22]} Be7 {[%clk 01:27:40]} {[%emt 00:04:25]} 7. O-O {[%clk 01:32:25]}
{[%emt 00:00:16]} b5 {[%clk 01:22:38]} {[%emt 00:05:32]} 8. Bb3 {[%clk
01:32:40]} {[%emt 00:00:16]} Na5 {[%clk 01:20:11]} {[%emt 00:02:57]} 9. Re1
{[%clk 01:32:28]} {[%emt 00:00:41]} Nxb3 {[%clk 01:17:30]} {[%emt 00:03:13]}
10. axb3 {[%clk 01:32:52]} {[%emt 00:00:05]} Bb7 {[%clk 01:16:37]} {[%emt
00:01:23]} 11. Bg5 {[%clk 01:30:01]} {[%emt 00:03:20]} h6 {[%clk 01:13:31]}
{[%emt 00:03:37]} 12. Bxf6 {[%clk 01:30:20]} {[%emt 00:00:10]} Bxf6 {[%clk
01:13:02]} {[%emt 00:00:59]} 13. c3 {[%clk 01:30:33]} {[%emt 00:00:17]} O-O
{[%clk 01:05:45]} {[%emt 00:07:48]} 14. d4 {[%clk 01:30:37]} {[%emt 00:00:26]}
Re8 {[%clk 01:01:11]} {[%emt 00:05:04]} 15. Qc2 {[%clk 01:30:23]} {[%emt
00:00:44]} d5 {[%clk 00:53:25]} {[%emt 00:08:16]} 16. exd5 {[%clk 01:29:13]}
{[%emt 00:01:40]} Qxd5 {[%clk 00:47:37]} {[%emt 00:06:18]} 17. c4 {[%clk
01:28:21]} {[%emt 00:01:22]} Qd6 {[%clk 00:44:13]} {[%emt 00:03:54]} 18. d5
{[%clk 01:27:29]} {[%emt 00:01:21]} c6 {[%clk 00:40:29]} {[%emt 00:04:14]} 19.
Nc3 {[%clk 01:27:07]} {[%emt 00:00:52]} cxd5 {[%clk 00:37:01]} {[%emt
00:03:58]} 20. cxd5 {[%clk 01:27:21]} {[%emt 00:00:16]} b4 {[%clk 00:32:06]}
{[%emt 00:05:27]} 21. Ne4 {[%clk 01:27:10]} {[%emt 00:00:40]} Qxd5 {[%clk
00:31:08]} {[%emt 00:01:28]} 22. Nxf6+ {[%clk 01:27:04]} {[%emt 00:00:35]} gxf6
{[%clk 00:31:34]} {[%emt 00:00:04]} 23. Rad1 {[%clk 01:26:57]} {[%emt
00:00:37]} Qe6 {[%clk 00:29:34]} {[%emt 00:02:31]} 24. Kh2 {[%clk 01:25:23]}
{[%emt 00:02:03]} Bxf3 {[%clk 00:28:37]} {[%emt 00:01:28]} 25. gxf3 {[%clk
01:25:46]} {[%emt 00:00:07]} f5 {[%clk 00:25:33]} {[%emt 00:03:34]} 26. Qc5
{[%clk 01:25:47]} {[%emt 00:00:28]} Qxb3 {[%clk 00:18:23]} {[%emt 00:07:41]}
27. Qc6 {[%clk 01:22:27]} {[%emt 00:03:49]} Qxb2 {[%clk 00:14:17]} {[%emt
00:04:36]} 28. Rg1+ {[%clk 01:21:08]} {[%emt 00:01:50]} Kh7 {[%clk 00:13:59]}
{[%emt 00:00:49]} 29. Qf6 {[%clk 01:21:15]} {[%emt 00:00:21]} Qxf2+ {[%clk
00:08:21]} {[%emt 00:06:08]} 30. Rg2 {[%clk 01:21:24]} {[%emt 00:00:21]} Qxg2+
{[%clk 00:06:54]} {[%emt 00:01:57]} 31. Kxg2 {[%clk 01:21:19]} {[%emt
00:00:36]} Rg8+ {[%clk 00:03:42]} {[%emt 00:03:41]} 32. Kf2 {[%clk 01:21:33]}
{[%emt 00:00:16]} Rg7 {[%clk 00:02:15]} {[%emt 00:01:58]} 33. Qxf5+ {[%clk
01:21:45]} {[%emt 00:00:17]} Kh8 {[%clk 00:01:36]} {[%emt 00:01:09]} 34. Qxe5
{[%clk 01:21:57]} {[%emt 00:00:18]} Rag8 {[%clk 00:30:11]} {[%emt 00:01:56]}
35. Rd6 {[%clk 01:51:46]} {[%emt 00:00:41]} Kh7 {[%clk 00:30:23]} {[%emt
00:00:18]} 36. Qf5+ {[%clk 01:51:11]} {[%emt 00:01:05]} Rg6 {[%clk 00:30:04]}
{[%emt 00:00:49]} 37. Qxf7+ {[%clk 01:50:38]} {[%emt 00:01:03]} R8g7 {[%clk
00:29:32]} {[%emt 00:01:02]} 38. Qf5 {[%clk 01:50:54]} {[%emt 00:00:12]} b3
{[%clk 00:28:43]} {[%emt 00:01:21]} 39. h4 {[%clk 01:51:02]} {[%emt 00:00:22]}
b2 {[%clk 00:24:46]} {[%emt 00:04:27]} 40. h5 {[%clk 01:50:32]} {[%emt
00:01:00]} a5 {[%clk 00:21:28]} {[%emt 00:03:48]} 41. hxg6+ {[%clk 01:50:55]}
{[%emt 00:00:07]} Kh8 {[%clk 00:21:35]} {[%emt 00:00:22]} 42. Rd8+ {[%clk
01:51:18]} {[%emt 00:00:07]} Rg8 {[%clk 00:21:52]} {[%emt 00:00:14]} 43. Qf6#
{[%clk 01:51:32]} {[%emt 00:00:06]} 1-0

[Event "DEM U12w 2023"]
[Site "Willingen GER"]
[Date "2023.05.28"]
[Round "2"]
[White "Fruth, Julia"]
[Black "Bakó, Isabella"]
[Result "0-1"]
[Termination "normal"]
[Board "6"]
[WhiteElo "1187"]
[BlackElo "1214"]
[WhiteClock "01:31:04"]
[BlackClock "01:31:12"]
[PlyCount "102"]
[WhiteFideId "34603050"]
[BlackFideId "16287266"]
[EventCountry "GER"]
[EventRounds "9"]
[EventType "swiss"]
[EventDate "2023.05.27"]

1. e4 {[%clk 01:30:56]} {[%emt 00:00:03]} c5 {[%clk 01:30:54]} {[%emt
00:00:08]} 2. Nf3 {[%clk 01:31:04]} {[%emt 00:00:22]} d6 {[%clk 01:31:12]} 3.
Bb5+ {[%clk 01:31:04]} Bd7 {[%clk 01:31:12]} 4. Bxd7+ {[%clk 01:31:04]} Nxd7
{[%clk 01:31:12]} 5. d4 {[%clk 01:31:04]} cxd4 {[%clk 01:31:12]} 6. Qxd4 {[%clk
01:31:04]} Qc7 {[%clk 01:31:12]} 7. c4 {[%clk 01:31:04]} Ngf6 {[%clk 01:31:12]}
8. h3 {[%clk 01:31:04]} g6 {[%clk 01:31:12]} 9. O-O {[%clk 01:31:04]} Bg7
{[%clk 01:31:12]} 10. Qd3 {[%clk 01:31:04]} O-O {[%clk 01:31:12]} 11. Nc3
{[%clk 01:31:04]} Rac8 {[%clk 01:31:12]} 12. Be3 {[%clk 01:31:04]} Qxc4 {[%clk
01:31:12]} 13. Qc2 {[%clk 01:31:04]} d5 {[%clk 01:31:12]} 14. exd5 {[%clk
01:31:04]} Nxd5 {[%clk 01:31:12]} 15. Rfd1 {[%clk 01:31:04]} Nxe3 {[%clk
01:31:12]} 16. fxe3 {[%clk 01:31:04]} Nb6 {[%clk 01:31:12]} 17. Rac1 {[%clk
01:31:04]} Bxc3 {[%clk 01:31:12]} 18. Qxc3 {[%clk 01:31:04]} Qxc3 {[%clk
01:31:12]} 19. Rxc3 {[%clk 01:31:04]} Rxc3 {[%clk 01:31:12]} 20. bxc3 {[%clk
01:31:04]} Rc8 {[%clk 01:31:12]} 21. Rd3 {[%clk 01:31:04]} e6 {[%clk 01:31:12]}
22. Kf2 {[%clk 01:31:04]} Nd5 {[%clk 01:31:12]} 23. Rd4 {[%clk 01:31:04]} Rxc3
{[%clk 01:31:12]} 24. e4 {[%clk 01:31:04]} Nb6 {[%clk 01:31:12]} 25. Rd8+
{[%clk 01:31:04]} Kg7 {[%clk 01:31:12]} 26. Rb8 {[%clk 01:31:04]} Rc2+ {[%clk
01:31:12]} 27. Ke3 {[%clk 01:31:04]} Rxg2 {[%clk 01:31:12]} 28. Rxb7 {[%clk
01:31:04]} Rxa2 {[%clk 01:31:12]} 29. Ne5 {[%clk 01:31:04]} Kf6 {[%clk
01:31:12]} 30. Ng4+ {[%clk 01:31:04]} Kg5 {[%clk 01:31:12]} 31. Rxf7 {[%clk
01:31:04]} Ra3+ {[%clk 01:31:12]} 32. Kd4 {[%clk 01:31:04]} Rxh3 {[%clk
01:31:12]} 33. Nf2 {[%clk 01:31:04]} Rh2 {[%clk 01:31:12]} 34. Nd3 {[%clk
01:31:04]} a5 {[%clk 01:31:12]} 35. Ne5 {[%clk 01:31:04]} Rh3 {[%clk 01:31:12]}
36. Nf3+ {[%clk 01:31:04]} Kh6 {[%clk 01:31:12]} 37. Ke5 {[%clk 01:31:04]} a4
{[%clk 01:31:12]} 38. Kxe6 {[%clk 01:31:04]} a3 {[%clk 01:31:12]} 39. Ne5
{[%clk 01:31:04]} Nc8 {[%clk 01:31:12]} 40. Rf2 {[%clk 01:31:04]} g5 {[%clk
01:31:12]} 41. Nd7 {[%clk 01:31:04]} g4 {[%clk 01:31:12]} 42. Nf8 {[%clk
01:31:04]} Rf3 {[%clk 01:31:12]} 43. Rh2 {[%clk 01:31:04]} Kg7 {[%clk
01:31:12]} 44. Nxh7 {[%clk 01:31:04]} Rh3 {[%clk 01:31:12]} 45. Rc2 {[%clk
01:31:04]} Kxh7 {[%clk 01:31:12]} 46. Rxc8 {[%clk 01:31:04]} a2 {[%clk
01:31:12]} 47. Ra8 {[%clk 01:31:04]} Rh2 {[%clk 01:31:12]} 48. Kf5 {[%clk
01:31:04]} g3 {[%clk 01:31:12]} 49. e5 {[%clk 01:31:04]} g2 {[%clk 01:31:12]}
50. e6 {[%clk 01:31:04]} g1=Q {[%clk 01:31:12]} 51. e7 {[%clk 01:31:04]} Re2
{[%clk 01:31:12]} 0-1

[Event "DEM U12w 2023"]
[Site "Willingen GER"]
[Date "2023.05.28"]
[Round "2"]
[White "Will, Elina"]
[Black "Averkova, Mariia"]
[Result "1-0"]
[Termination "normal"]
[Board "7"]
[WhiteElo "1431"]
[BlackElo "1367"]
[WhiteClock "00:13:38"]
[BlackClock "00:25:37"]
[PlyCount "65"]
[WhiteFideId "34623434"]
[BlackFideId "34651470"]
[EventCountry "GER"]
[EventRounds "9"]
[EventType "swiss"]
[EventDate "2023.05.27"]

1. e4 {[%clk 01:30:58]} c6 {[%clk 01:30:55]} {[%emt 00:00:05]} 2. d4 {[%clk
01:31:24]} {[%emt 00:00:05]} d5 {[%clk 01:31:20]} {[%emt 00:00:05]} 3. Nc3
{[%clk 01:31:49]} {[%emt 00:00:04]} dxe4 {[%clk 01:31:36]} {[%emt 00:00:14]} 4.
Nxe4 {[%clk 01:32:15]} {[%emt 00:00:05]} Nd7 {[%clk 01:31:41]} {[%emt
00:00:25]} 5. Bf4 {[%clk 01:32:21]} {[%emt 00:00:23]} Ngf6 {[%clk 01:31:52]}
{[%emt 00:00:19]} 6. Ng3 {[%clk 01:31:38]} {[%emt 00:01:14]} e6 {[%clk
01:30:51]} {[%emt 00:01:31]} 7. Nf3 {[%clk 01:23:37]} {[%emt 00:08:30]} Be7
{[%clk 01:28:56]} {[%emt 00:02:25]} 8. Bd3 {[%clk 01:14:24]} {[%emt 00:09:43]}
O-O {[%clk 01:27:08]} {[%emt 00:02:18]} 9. O-O {[%clk 01:14:33]} {[%emt
00:00:22]} b6 {[%clk 01:25:43]} {[%emt 00:01:54]} 10. Qe2 {[%clk 01:06:42]}
{[%emt 00:08:22]} c5 {[%clk 01:17:41]} {[%emt 00:08:32]} 11. c3 {[%clk
01:05:27]} {[%emt 00:01:45]} Bb7 {[%clk 01:15:49]} {[%emt 00:02:21]} 12. Ba6
{[%clk 01:03:57]} {[%emt 00:02:01]} Qc8 {[%clk 01:15:03]} {[%emt 00:01:15]} 13.
Bxb7 {[%clk 01:02:14]} {[%emt 00:02:14]} Qxb7 {[%clk 01:15:24]} {[%emt
00:00:08]} 14. Rac1 {[%clk 00:58:14]} {[%emt 00:04:31]} Rac8 {[%clk 01:13:17]}
{[%emt 00:02:36]} 15. Rfd1 {[%clk 00:50:08]} {[%emt 00:08:37]} Nd5 {[%clk
01:09:47]} {[%emt 00:03:59]} 16. Be3 {[%clk 00:47:54]} {[%emt 00:02:44]} c4
{[%clk 01:07:36]} {[%emt 00:02:41]} 17. Ne4 {[%clk 00:34:05]} {[%emt 00:14:20]}
N7f6 {[%clk 01:04:03]} {[%emt 00:04:02]} 18. Bg5 {[%clk 00:26:56]} {[%emt
00:07:39]} Rfd8 {[%clk 00:59:54]} {[%emt 00:04:38]} 19. Nxf6+ {[%clk 00:22:16]}
{[%emt 00:05:10]} Bxf6 {[%clk 00:59:25]} {[%emt 00:01:01]} 20. Bxf6 {[%clk
00:21:59]} {[%emt 00:00:46]} Nxf6 {[%clk 00:59:41]} {[%emt 00:00:13]} 21. Ne5
{[%clk 00:21:53]} {[%emt 00:00:37]} b5 {[%clk 00:58:11]} {[%emt 00:02:00]} 22.
b3 {[%clk 00:18:58]} {[%emt 00:03:25]} Qd5 {[%clk 00:55:24]} {[%emt 00:03:15]}
23. Qb2 {[%clk 00:18:22]} {[%emt 00:01:09]} Rd6 {[%clk 00:52:28]} {[%emt
00:03:24]} 24. Qa3 {[%clk 00:17:47]} {[%emt 00:01:06]} a6 {[%clk 00:49:53]}
{[%emt 00:03:05]} 25. bxc4 {[%clk 00:16:55]} {[%emt 00:01:23]} bxc4 {[%clk
00:49:40]} {[%emt 00:00:42]} 26. Rb1 {[%clk 00:17:08]} {[%emt 00:00:18]} Rcd8
{[%clk 00:48:33]} {[%emt 00:01:35]} 27. Re1 {[%clk 00:15:50]} {[%emt 00:01:49]}
a5 {[%clk 00:44:16]} {[%emt 00:04:47]} 28. Qa4 {[%clk 00:15:38]} {[%emt
00:00:43]} Rc8 {[%clk 00:32:09]} {[%emt 00:12:35]} 29. Rb5 {[%clk 00:15:51]}
{[%emt 00:00:18]} Qa8 {[%clk 00:32:14]} {[%emt 00:00:25]} 30. Rxa5 {[%clk
00:15:37]} {[%emt 00:00:45]} Qb7 {[%clk 00:31:35]} {[%emt 00:01:08]} 31. Ra7
{[%clk 00:14:21]} {[%emt 00:01:46]} Qd5 {[%clk 00:28:22]} {[%emt 00:03:42]} 32.
Rxf7 {[%clk 00:13:36]} {[%emt 00:01:17]} Ne4 {[%clk 00:25:37]} {[%emt
00:03:14]} 33. Qa7 {[%clk 00:13:38]} {[%emt 00:00:28]} 1-0